| 000 | 00806nam a2200253 a 4500 | ||
|---|---|---|---|
| 001 | 1138114 | ||
| 003 | OSt | ||
| 005 | 20180508134250.0 | ||
| 008 | 941111s1994 nyua b 001 0 eng d | ||
| 010 | _a 94235445 | ||
| 020 | _a0879694351 | ||
| 035 | _a(OCoLC)31443713 | ||
| 040 |
_aTxDaS _cTxDaS _dDLC |
||
| 082 |
_aWB310 _bP179l 1994 |
||
| 100 |
_a Editor Hanks, Geoffrey.W. _912648 |
||
| 245 | 0 | 0 | _aPalliative Medicine: problem areas in pain and symptom management |
| 260 |
_aNewYork; _bCold Spring Harbor Laboratory Press, _c1994. |
||
| 300 |
_avi, 257 p. : _bill. ; _c27 cm. |
||
| 504 | _aIncludes bibliographical references and index. | ||
| 650 | 0 |
_aPalliative treatment. _910516 |
|
| 650 | 0 |
_aPalliative care _91786 |
|
| 906 |
_a7 _bcbc _ccopycat _d2 _encip _f19 _gy-gencatlg |
||
| 942 |
_2z _cO_SHELF |
||
| 999 |
_c6000 _d6000 |
||